000 00919cam a2200241 a 4500
001 000002848
005 20260114121029.0
008 980306s1999 pr 001 0 spa
020 _a0865815364
040 _aDO-SdBNP
_cDLC
_dDLC
082 _a868
_bH831e, 1999
100 1 _aHostos, Eugenio María de,
_d1839-1903
_91352
245 1 0 _aEstímulos de vida para cada día :
_bpensamientos /
_cEugenio María de Hostos ; selección, Vivian Quiles-Calderín ; prólogo, Julio César López.
250 _a2a ed.
260 _aSan Juan, Puerto Rico :
_bInstituto de Cultura Puertorriqueña,
_c1999.
300 _axxii, 280 p. ;
_c17 cm.
600 1 0 _aHostos, Eugenio María de,
_d1839-1903
_91352
650 0 _aPensamiento crítico
_99026
650 4 _aLiteratura puertorriqueña
_9250
700 1 _aQuiles-Calderín, Vivian
_99027
700 1 _aLopéz, Julio César
_epról.
_99028
910 _aCatalogación por copia / LC
999 _c2682
_d2682